000
00248nam a2200097Ia 4500
001
696170
005
20250826162007.0
008
250824s9999 xx 000 0 und d
245
0
_a
KIYI KİTABI/E.TEMELKURAN/EVEREST
_c
ECE TEMELKURAN
260
_b
EVEREST
999
_c
696170
_d
696170